000 00546nam a2200133 a 4500
008 120416s2001 ||||||||||||||||| || u
050 _aUNO(02)
110 _aUnited Nations Organisation (UNO)
245 1 0 _aMultilateral treaty framework : an invitation to universal participation focus 2001
_cBy the United Nations
260 _aNew York:
_bUNITED NATIONS
_c2001
350 _a0.00
650 _aRIGHTS
995 _D0.00
_FCBU-MAIN LIBRARY (Kitwe)
_H1
_I0.00
_M1
_UAVAILABLE
_ZInternational Publications
999 _c51768
_d51768